书目信息 |
| 题名: |
普通话与河北方言
|
|
| 作者: | 刘润之 主编 | |
| 分册: | ||
| 出版信息: | 石家庄 河北教育出版社 1998 |
|
| 页数: | 330页 | |
| 开本: | 20cm | |
| 丛书名: | ||
| 单 册: | ||
| 中图分类: | H102 | |
| 科图分类: | ||
| 主题词: | 普通话 | |
| 电子资源: | ||
| ISBN: | 7-5434-3172-6 | |
| 000 | 00554nam0 2200193 450 | |
| 001 | 0739569835 | |
| 005 | 20070714101940.73 | |
| 010 | @a7-5434-3172-6@dCNY10.00 | |
| 100 | @a20070709d1998 km y0chiy0120 ea | |
| 101 | 0 | @achi |
| 102 | @aCN@b130000 | |
| 200 | 1 | @a普通话与河北方言@Apu tong hua yu he bei fang yan@f刘润之等主编@Fliu run zhi deng zhu bian |
| 210 | @a石家庄@c河北教育出版社@d1998 | |
| 215 | @a330页@d20cm | |
| 606 | 0 | @a普通话 |
| 690 | @aH102@v3 | |
| 701 | 0 | @a刘润之@Aliu run zhi@4主编 |
| 801 | 0 | @aCN@bPFT@c20070714 |
| 905 | @a10447@dH102@e138 | |
| 普通话与河北方言/刘润之等主编.-石家庄:河北教育出版社,1998 |
| 330页;20cm |
| ISBN 7-5434-3172-6:CNY10.00 |
| ● |
| 相关链接 |
|
|
|
|
正题名:普通话与河北方言
索取号:H102/138
 
预约/预借
| 序号 | 登录号 | 条形码 | 馆藏地/架位号 | 状态 | 备注 |
| 1 | 0768656 | 207686565 | 第二样本阅览室/ [索取号:H102/138] | 在馆 |